One Piece: toutes les couvertures des tomes - Statistiques

Statistiques générales
  • Ce quiz a été pris 491 fois
    78 depuis la dernière actualisation
  • Le résultat moyen est 63 sur 112
Statistiques - réponses
Par images Réponse % Correct
21
88%
10
86%
106
86%
17
86%
65
86%
93
86%
101
83%
28
83%
88
83%
3
81%
53
81%
75
81%
77
81%
15
79%
2
79%
26
79%
49
79%
27
76%
4
76%
62
76%
20
74%
33
74%
57
74%
107
71%
11
71%
25
71%
37
71%
46
71%
51
71%
56
71%
70
71%
79
71%
94
71%
99
71%
12
69%
16
69%
30
69%
58
69%
72
69%
109
67%
24
67%
50
67%
87
67%
97
67%
29
64%
31
64%
48
64%
5
64%
63
64%
112
62%
13
62%
44
62%
68
62%
92
62%
95
62%
38
60%
22
57%
35
57%
45
57%
89
57%
32
55%
103
52%
111
52%
23
50%
36
50%
52
50%
55
50%
14
48%
18
48%
40
48%
7
48%
47
45%
54
45%
61
45%
66
45%
83
45%
104
43%
41
43%
8
43%
81
43%
90
43%
102
40%
105
40%
110
40%
60
40%
69
40%
84
40%
108
38%
39
38%
74
38%
1
36%
100
36%
6
36%
71
36%
82
36%
9
36%
96
36%
64
33%
78
33%
91
33%
98
33%
34
31%
43
31%
73
31%
19
29%
42
29%
59
29%
67
29%
76
29%
86
29%
85
26%
80
24%
Aucun quiz correspondant
Distribution des résultats
% des personnes avec chaque résultat
Percentile par nombre de réponses
Votre historique - résultats
Vous n’avez pas pris ce quiz depuis la dernière actualisation